000 00865nam a2200229 i 4500
001 186131
003 SpMaBN
005 20250826151435.0
008 160912s2013 sp |||| | spa d
020 _a978-84-9949-273-5
080 _a821.134.2-14"19"
100 1 _aBallesteros, Andrés.
_9160798
245 1 0 _aApuestas mínimas /
_cAndrés Ballesteros, Guillermo de la Cruz, José Luis Ortiz Berenguer.
260 _aMadrid :
_bLiber Factory,
_c2013.
300 _a177 p. ;
_c21 cm.
700 1 _aCruz, Guillermo de la,
_d1946-
_9160799
700 1 _aOrtiz Berenguer, José Luis.
_9160800
852 _aES-MaACL
_jA-13812
_9193183
_bR.151029
_cDEPO1
_dOlim: N-6812
_gDedicatoria autógrafa de 1 de los coautores
_hDonación: Guillermo de la Cruz
903 _aCruz, Guillermo de la,
_d1946-
_ednr
_9160799
942 _2udc
_cMONOGRAFIA
999 _c186131
_d186131